[Event "Mittelrhein Regionalliga 18/19"]
[Site "Nordrheinwestfalen"]
[Date "2019.02.10"]
[Round "7.4"]
[White "Marzec, Ronny"]
[Black "Vogelmann, Peter"]
[Result "1/2-1/2"]
[WhiteElo "1986"]
[BlackElo "2111"]
[PlyCount "44"]
[EventDate "2018.10.28"]
[EventType "team-tourn"]
[EventRounds "11"]
[EventCountry "GER"]
[SourceTitle "EXT 2022"]
[Source "ChessBase"]
[SourceDate "2021.10.06"]
[SourceVersion "1"]
[SourceVersionDate "2021.10.06"]
[SourceQuality "1"]
[WhiteTeam "Bonn Stadtverwaltung"]
[BlackTeam "Langenfeld"]
[WhiteTeamCountry "GER"]
[BlackTeamCountry "GER"]

1. e4 e5 2. Nf3 d6 3. d4 Nf6 4. dxe5 Nxe4 5. Qd5 Nc5 6. Bg5 Be7 7. exd6 Qxd6 8. Nc3 Be6 9. Qxd6 Bxd6 10. Nb5 Nc6 11. Nxd6+ cxd6 12. 0-0-0 0-0 13. a3 Ne4 14. Be3 d5 15. Nd4 h6 16. f3 Nd6 17. b3 Rfd8 18. g4 Rac8 19. Kb2 a6 20. h3 Nxd4 21. Rxd4 f6 22. Bd3 Rd7 1/2-1/2

[Event "Mittelrhein Regionalliga 18/19"]
[Site "Nordrheinwestfalen"]
[Date "2018.09.30"]
[Round "2.4"]
[White "Vogelmann, Peter"]
[Black "Orentlikher, Mikhail"]
[Result "1-0"]
[WhiteElo "2111"]
[BlackElo "1988"]
[PlyCount "73"]
[EventDate "2018.10.28"]
[EventType "team-tourn"]
[EventRounds "11"]
[EventCountry "GER"]
[SourceTitle "EXT 2022"]
[Source "ChessBase"]
[SourceDate "2021.10.06"]
[SourceVersion "1"]
[SourceVersionDate "2021.10.06"]
[SourceQuality "1"]
[WhiteTeam "Langenfeld"]
[BlackTeam "Koeln Ford SF"]
[WhiteTeamCountry "GER"]
[BlackTeamCountry "GER"]

1. e4 g6 2. d4 Bg7 3. Nc3 d6 4. Bc4 Nc6 5. Be3 e5 6. Nge2 Nf6 7. f3 0-0 8. Qd2 Re8 9. 0-0-0 a6 10. a3 b5 11. Bb3 exd4 12. Nxd4 Na5 13. Ba2 Nc4 14. Bxc4 bxc4 15. Nc6 Qd7 16. Na5 Rb8 17. Rhe1 Qe6 18. Ba7 Bd7 19. g4 Red8 20. Bd4 c5 21. Be3 Rb6 22. Qe2 Rxb2 23. Kxb2 Nxe4 24. fxe4 Rb8+ 25. Ka2 Bxc3 26. Rb1 Bb5 27. a4 Bxe1 28. Qxe1 c3+ 29. Ka1 Qxe4 30. Qxc3 Qxa4+ 31. Kb2 f6 32. Kc1 Kf7 33. g5 fxg5 34. Nc4 Ke6 35. Bxg5 Rf8 36. Qe3+ Kd5 37. Nb6+ 1-0

[Event "Mittelrhein Regionalliga 1718"]
[Site "Nordrheinwestfalen"]
[Date "2018.02.04"]
[Round "6.3"]
[White "Debald, Heinrich"]
[Black "Vogelmann, Peter"]
[Result "1/2-1/2"]
[WhiteElo "1991"]
[BlackElo "2117"]
[PlyCount "68"]
[EventDate "2017.09.10"]
[EventType "team-tourn"]
[EventRounds "9"]
[EventCountry "GER"]
[SourceTitle "EXT 2022"]
[Source "ChessBase"]
[SourceDate "2021.10.06"]
[SourceVersion "1"]
[SourceVersionDate "2021.10.06"]
[SourceQuality "1"]
[WhiteTeam "Leverkusen SC Bayer"]
[BlackTeam "Langenfeld"]
[WhiteTeamCountry "GER"]
[BlackTeamCountry "GER"]

1. e4 e5 2. Nf3 d6 3. d4 Nf6 4. dxe5 Nxe4 5. Qd5 Nc5 6. Bg5 Be7 7. exd6 Qxd6 8. Nc3 Be6 9. Qxd6 Bxd6 10. Nb5 Nc6 11. Nxd6+ cxd6 12. 0-0-0 0-0 13. Be3 Ne4 14. Nd4 d5 15. f3 Nd6 16. c3 Rfd8 17. Bd3 Rac8 18. Kb1 Nxd4 19. Bxd4 a6 20. Rhe1 Re8 21. Be5 Red8 22. Bxd6 Rxd6 23. Bc2 Rcd8 24. Rd4 g6 25. Red1 R6d7 26. f4 f6 27. R1d2 b5 28. Bd3 Kf8 29. Rf2 Bf7 30. Kc2 Rb8 31. Be2 a5 32. a3 Ke7 33. Bf3 Rc8 34. Rfd2 Rc4 1/2-1/2

[Event "Mittelrhein Regionalliga 1718"]
[Site "Nordrheinwestfalen"]
[Date "2017.09.10"]
[Round "1.3"]
[White "Rajashekarraju, Shridhar"]
[Black "Vogelmann, Peter"]
[Result "0-1"]
[WhiteElo "2178"]
[BlackElo "2117"]
[PlyCount "126"]
[EventDate "2017.09.10"]
[EventType "team-tourn"]
[EventRounds "9"]
[EventCountry "GER"]
[SourceTitle "EXT 2022"]
[Source "ChessBase"]
[SourceDate "2021.10.06"]
[SourceVersion "1"]
[SourceVersionDate "2021.10.06"]
[SourceQuality "1"]
[WhiteTeam "Aachen SV II"]
[BlackTeam "Langenfeld"]
[WhiteTeamCountry "GER"]
[BlackTeamCountry "GER"]

1. d4 Nf6 2. c4 c5 3. e3 cxd4 4. exd4 d5 5. c5 e6 6. Nc3 Be7 7. Bf4 0-0 8. Bd3 Nc6 9. Nf3 b6 10. Qa4 Bd7 11. Bb5 Qe8 12. b4 a6 13. Bxc6 Bxc6 14. Qd1 bxc5 15. bxc5 Ne4 16. Ne2 f6 17. 0-0 Qd8 18. a4 Qa5 19. Qe1 Qxe1 20. Rfxe1 g5 21. Be3 Rfb8 22. h4 h6 23. Nd2 Nxd2 24. Bxd2 Rb2 25. Bc1 Rb4 26. Nc3 Kf7 27. Rd1 Rab8 28. Rd3 Rb3 29. hxg5 hxg5 30. Rh3 R8b4 31. Rh7+ Ke8 32. Ne2 Rxa4 33. Rxa4 Bxa4 34. f4 Bb5 35. Kf2 Rb1 36. Bd2 Rb2 37. Ke3 Bxe2 38. Kxe2 gxf4 39. Kd3 e5 40. c6 e4+ 41. Kc3 Rb6 42. Rh8+ Kf7 43. Rc8 Bd6 44. Kc2 f3 45. gxf3 exf3 46. Be1 Ke6 47. Kd3 Rb3+ 48. Kc2 Rb8 49. Rxb8 Bxb8 50. Kd3 Bf4 51. Bb4 f2 52. Ke2 Bg3 53. Bc5 a5 54. Ba7 a4 55. Bc5 Bd6 56. c7 Bxc7 57. Ba3 Bg3 58. Bb2 Kf5 59. Kf1 Ke4 60. Ke2 f5 61. Ba1 a3 62. Bc3 Bh4 63. Ba1 Bf6 0-1

[Event "WchT Seniors 50"]
[Site "Radebeul"]
[Date "2016.07.01"]
[Round "6.11"]
[White "Vogelmann, Peter"]
[Black "Wagner Michel, Annett"]
[Result "1-0"]
[WhiteElo "2227"]
[BlackElo "2139"]
[PlyCount "69"]
[EventDate "2016.06.26"]
[EventType "team-swiss"]
[EventRounds "9"]
[EventCountry "GER"]
[SourceTitle "CBM 173 Extra"]
[Source "ChessBase"]
[SourceDate "2016.08.29"]
[SourceVersion "1"]
[SourceVersionDate "2016.08.29"]
[SourceQuality "1"]
[WhiteTeam "Monheim"]
[BlackTeam "Germany (Women)"]
[WhiteTeamCountry "GER"]
[BlackTeamCountry "GER"]

1. e4 c5 2. Nf3 Nc6 3. c3 d5 4. exd5 Qxd5 5. d4 Nf6 6. Be2 e6 7. 0-0 cxd4 8. cxd4 Be7 9. Nc3 Qd8 10. Re1 0-0 11. a3 b6 12. Bd3 Bb7 13. Bc2 Re8 14. Qd3 g6 15. Bh6 Qd6 16. h3 Rad8 17. Red1 Qb8 18. Qe2 a6 19. Bb3 Nd5 20. Ne4 Nf4 21. Qe3 Nd5 22. Qd2 Rd7 23. Bg5 Qd8 24. Bxd5 Rxd5 25. Bxe7 Qxe7 26. Qh6 Rh5 27. Qf4 Kg7 28. d5 Rf5 29. Qc1 Rxd5 30. Qc3+ Ne5 31. Nxe5 f6 32. Ng4 Rxd1+ 33. Rxd1 Bxe4 34. Rd7 Qxd7 35. Qxf6+ 1-0

[Event "WchT Seniors 50"]
[Site "Radebeul"]
[Date "2016.06.29"]
[Round "4.1"]
[White "Rewitz, Poul"]
[Black "Vogelmann, Peter"]
[Result "1/2-1/2"]
[WhiteElo "2202"]
[BlackElo "2227"]
[PlyCount "122"]
[EventDate "2016.06.26"]
[EventType "team-swiss"]
[EventRounds "9"]
[EventCountry "GER"]
[SourceTitle "CBM 173 Extra"]
[Source "ChessBase"]
[SourceDate "2016.08.29"]
[SourceVersion "1"]
[SourceVersionDate "2016.08.29"]
[SourceQuality "1"]
[WhiteTeam "Copenhagen 68"]
[BlackTeam "Monheim"]
[WhiteTeamCountry "DEN"]
[BlackTeamCountry "GER"]

1. g3 g6 2. Bg2 Bg7 3. f4 d5 4. Nf3 Nf6 5. 0-0 0-0 6. d3 c6 7. c3 Nbd7 8. Na3 a5 9. Qe1 e6 10. e4 b5 11. Nc2 c5 12. e5 Ne8 13. g4 f5 14. g5 Bb7 15. h4 Rf7 16. h5 Bf8 17. Qh4 Be7 18. Kf2 Nf8 19. Rh1 Rg7 20. Be3 b4 21. Qg3 Ba6 22. h6 Rf7 23. Rhd1 Rb8 24. Kg1 Nd7 25. Qf2 Bf8 26. Nfe1 Nc7 27. Nf3 Na8 28. Bf1 Nab6 29. a4 bxa3 30. Rxa3 a4 31. b4 axb3 32. Rxa6 bxc2 33. Qxc2 Re7 34. Rb1 Qc7 35. Qa2 Ree8 36. Qa5 Ra8 37. Rbxb6 Nxb6 38. Qxb6 Qe7 39. Rxa8 Rxa8 40. Qb2 Qc7 41. c4 Rb8 42. Qa2 d4 43. Bd2 Qb7 44. Kf2 Ra8 45. Qc2 Ra1 46. Be2 Kf7 47. Bd1 Qa8 48. Ke2 Ra3 49. Qb1 Be7 50. Bc2 Ra1 51. Qb5 Ra3 52. Bb1 Ra1 53. Ne1 Ra3 54. Kd1 Ra7 55. Qb2 Rb7 56. Qa2 Ra7 57. Qc2 Bd8 58. Qb2 Rb7 59. Qa2 Ra7 60. Qb2 Rb7 61. Qa2 Ra7 1/2-1/2

[Event "Mittelrhein Regionalliga 15/16"]
[Site "Nordrheinwestfalen"]
[Date "2015.12.13"]
[Round "4.5"]
[White "Memeti, Kastriot"]
[Black "Vogelmann, Peter"]
[Result "1/2-1/2"]
[WhiteElo "2231"]
[BlackElo "2110"]
[PlyCount "59"]
[EventDate "2015.09.27"]
[EventType "team-tourn"]
[EventRounds "9"]
[EventCountry "GER"]
[SourceTitle "EXT 2022"]
[Source "ChessBase"]
[SourceDate "2021.10.06"]
[SourceVersion "1"]
[SourceVersionDate "2021.10.06"]
[SourceQuality "1"]
[WhiteTeam "Aachen DJK Aufwärts III"]
[BlackTeam "Langenfeld"]
[WhiteTeamCountry "GER"]
[BlackTeamCountry "GER"]

1. d4 Nf6 2. Nf3 g6 3. Bf4 Bg7 4. e3 0-0 5. Be2 c5 6. c3 d6 7. h3 b6 8. 0-0 Bb7 9. a4 a6 10. Nbd2 Nbd7 11. Bh2 Ne4 12. Qb3 Nxd2 13. Nxd2 Rb8 14. Rfd1 Nf6 15. Nc4 cxd4 16. exd4 Bd5 17. Qb4 a5 18. Qb5 Qc7 19. Na3 Rfc8 20. Re1 Qb7 21. Bf1 Re8 22. Qe2 Rbd8 23. Nb5 Rc8 24. f4 Ne4 25. g4 f5 26. Qe3 Qd7 27. Bd3 Kh8 28. Qe2 Bc6 29. Rad1 d5 30. Kg2 1/2-1/2

[Event "Mittelrhein Regionalliga 15/16"]
[Site "Nordrheinwestfalen"]
[Date "2015.11.15"]
[Round "3.4"]
[White "Esser, Thomas"]
[Black "Vogelmann, Peter"]
[Result "0-1"]
[WhiteElo "2025"]
[BlackElo "2110"]
[PlyCount "142"]
[EventDate "2015.09.27"]
[EventType "team-tourn"]
[EventRounds "9"]
[EventCountry "GER"]
[SourceTitle "EXT 2022"]
[Source "ChessBase"]
[SourceDate "2021.10.06"]
[SourceVersion "1"]
[SourceVersionDate "2021.10.06"]
[SourceQuality "1"]
[WhiteTeam "Aachen PTSV"]
[BlackTeam "Langenfeld"]
[WhiteTeamCountry "GER"]
[BlackTeamCountry "GER"]

1. d4 Nf6 2. c4 c5 3. d5 b5 4. cxb5 a6 5. bxa6 g6 6. Nc3 Bxa6 7. g3 d6 8. Bg2 Bg7 9. Nf3 0-0 10. 0-0 Nbd7 11. Rb1 Qa5 12. Bd2 Rfb8 13. Qc2 Ng4 14. b3 Qb4 15. h3 Nge5 16. Ne1 Nf6 17. a4 c4 18. Nb5 cxb3 19. Bxb4 bxc2 20. Nxc2 Bxb5 21. axb5 Rxb5 22. Nd4 Rb7 23. f4 Nc4 24. Bc3 Rxb1 25. Rxb1 Ne3 26. Rb5 Nxg2 27. Kxg2 Ne4 28. Bb2 Bxd4 29. Bxd4 f5 30. Kf3 Ra3+ 31. e3 Kf7 32. Rb8 h5 33. g4 h4 34. gxf5 gxf5 35. Kg2 Ra2+ 36. Kg1 Ng3 37. Bb2 Ra5 38. Rh8 Rxd5 39. Rxh4 Rd3 40. Kf2 Ne4+ 41. Ke1 Rxe3+ 42. Kd1 Rf3 43. Bc1 Rf2 44. Be3 Rh2 45. Ke1 Ke6 46. Rh5 Ng3 47. Rh6+ Kd5 48. Bf2 Rh1+ 49. Kd2 Ne4+ 50. Ke3 Nxf2 51. Kxf2 e5 52. Kg2 Rd1 53. Rf6 Ke4 54. fxe5 dxe5 55. h4 Kf4 56. h5 Kg5 57. Re6 e4 58. h6 Rd7 59. Kf1 Rh7 60. Re8 Rxh6 61. Ra8 Rh2 62. Ra4 Rb2 63. Rc4 Kf4 64. Ra4 Kf3 65. Ra3+ e3 66. Ra1 f4 67. Rc1 Rd2 68. Ra1 Rd1+ 69. Rxd1 e2+ 70. Ke1 exd1R+ 71. Kxd1 Kg2 0-1

[Event "Mittelrhein Regionalliga 1314"]
[Site "Mittelrhein"]
[Date "2014.03.09"]
[Round "8.6"]
[White "Van Oosterom, Chiel"]
[Black "Vogelmann, Peter"]
[Result "1-0"]
[WhiteElo "2360"]
[BlackElo "2144"]
[PlyCount "155"]
[EventDate "2013.09.15"]
[EventType "team-tourn"]
[EventRounds "11"]
[EventCountry "GER"]
[SourceTitle "EXT 2023"]
[Source "ChessBase"]
[SourceDate "2022.10.05"]
[SourceVersion "1"]
[SourceVersionDate "2022.10.05"]
[SourceQuality "1"]
[WhiteTeam "Aachen DJK Aufwaerts II"]
[BlackTeam "Langenfeld"]
[WhiteTeamCountry "GER"]
[BlackTeamCountry "GER"]

1. c4 Nf6 2. g3 c5 3. Bg2 g6 4. Nc3 Bg7 5. Nf3 Nc6 6. d4 cxd4 7. Nxd4 Nxd4 8. Qxd4 d6 9. 0-0 0-0 10. Qd3 a6 11. Rd1 Qc7 12. b3 Bf5 13. Qe3 Ng4 14. Qd2 Qc5 15. e3 Rab8 16. Bb2 Be6 17. h3 Nf6 18. Rac1 Rfc8 19. Ne2 Nd7 20. Bd4 Qc7 21. Nf4 Nf8 22. Qe1 b6 23. Qf1 a5 24. Re1 Qa7 25. Ne2 a4 26. Bxg7 Kxg7 27. Nd4 Bd7 28. Qd3 Ne6 29. b4 Kg8 30. a3 Qc7 31. Qf1 Qa7 32. Kh2 Nd8 33. Red1 Be8 34. Bd5 Nc6 35. Nb5 Qd7 36. Nc3 Nd8 37. Qg2 Kg7 38. Qf1 Qa7 39. Rd2 Qc7 40. Qd1 e6 41. Bg2 Qxc4 42. Rxd6 e5 43. b5 Ne6 44. Rd5 Qb3 45. Nxa4 Qxd1 46. Rcxd1 Rc2 47. Kg1 Ra8 48. Nxb6 Rxa3 49. Rxe5 Raa2 50. Bd5 Rab2 51. Nc4 Rb4 52. Bxe6 fxe6 53. Nd6 Bf7 54. Rd4 Rb1+ 55. Kg2 Kf6 56. Nxf7 Kxf7 57. Rf4+ Ke7 58. Rfe4 Rbb2 59. Rxe6+ Kf7 60. Re7+ Kf8 61. Re8+ Kf7 62. R4e7+ Kf6 63. Re6+ Kf7 64. R8e7+ Kf8 65. g4 Rxf2+ 66. Kg3 g5 67. Re8+ Kf7 68. R6e7+ Kf6 69. Rxh7 Rg2+ 70. Kf3 Rgf2+ 71. Ke4 Rb4+ 72. Kd3 Rfb2 73. Rh6+ Kf7 74. Re5 R4b3+ 75. Ke4 Rxb5 76. Rxb5 Rxb5 77. Kf3 Kg7 78. Rh5 1-0

[Event "Mittelrhein Regionalliga 1314"]
[Site "Mittelrhein"]
[Date "2014.02.09"]
[Round "7.6"]
[White "Vogelmann, Peter"]
[Black "Braeuer, Karl Heinz"]
[Result "1/2-1/2"]
[WhiteElo "2144"]
[BlackElo "1977"]
[PlyCount "129"]
[EventDate "2013.09.15"]
[EventType "team-tourn"]
[EventRounds "11"]
[EventCountry "GER"]
[SourceTitle "EXT 2023"]
[Source "ChessBase"]
[SourceDate "2022.10.05"]
[SourceVersion "1"]
[SourceVersionDate "2022.10.05"]
[SourceQuality "1"]
[WhiteTeam "Langenfeld"]
[BlackTeam "Aachen DJK Aufwaerts III"]
[WhiteTeamCountry "GER"]
[BlackTeamCountry "GER"]

1. e4 c5 2. Nf3 d6 3. d4 cxd4 4. Qxd4 Nc6 5. Bb5 a6 6. Bxc6+ bxc6 7. c4 e5 8. Qd3 Nf6 9. 0-0 Qc7 10. Nc3 Be7 11. Rd1 h6 12. h3 Be6 13. b3 0-0 14. Bb2 Nd7 15. Rac1 Nc5 16. Qe3 Rab8 17. Ba3 Nb7 18. Bb2 Nc5 19. Ba3 Nb7 20. Na4 Na5 21. Qc3 c5 22. Qd3 Nc6 23. Nc3 Qa5 24. Bb2 Nd4 25. Ra1 Qb4 26. Nd5 Bxd5 27. exd5 Nxf3+ 28. Qxf3 f5 29. Qh5 Qb7 30. Re1 f4 31. Bc3 Qd7 32. Re4 Kh7 33. Rae1 Rf5 34. Qf3 Bf6 35. Qd3 Kh8 36. Rf1 Rg5 37. Qf3 Bd8 38. Kh2 Be7 39. Bd2 Rg6 40. Rfe1 Qf5 41. a3 Bh4 42. b4 cxb4 43. axb4 Qf7 44. Ra1 Qa7 45. Be1 Bd8 46. Bc3 Rc8 47. c5 dxc5 48. Bxe5 cxb4 49. Rxb4 Bb6 50. Rxf4 Rg5 51. Rf8+ Rxf8 52. Qxf8+ Kh7 53. f4 Rg6 54. Qf5 Bf2 55. d6 Qe3 56. Kh1 Qe2 57. d7 Bb6 58. Rg1 Bxg1 59. Qxg6+ Kxg6 60. d8Q Bf2 61. Kh2 Qe3 62. Qd6+ Kh7 63. f5 Qg5 64. Qxa6 Qxf5 65. Qd6 1/2-1/2

[Event "NRW Class1 1213"]
[Site "Germany"]
[Date "2013.04.07"]
[Round "8.4"]
[White "Vogelmann, Peter"]
[Black "Kahleys, Kevin"]
[Result "1/2-1/2"]
[WhiteElo "2169"]
[BlackElo "2193"]
[PlyCount "84"]
[EventDate "2012.09.16"]
[EventType "team-tourn"]
[EventRounds "9"]
[EventCountry "GER"]
[SourceTitle "EXT 2017"]
[Source "ChessBase"]
[SourceDate "2016.10.25"]
[SourceVersion "1"]
[SourceVersionDate "2016.10.25"]
[SourceQuality "1"]
[WhiteTeam "Langenfeld"]
[BlackTeam "Bochum II"]
[WhiteTeamCountry "GER"]
[BlackTeamCountry "GER"]

1. e4 e6 2. Nf3 d5 3. Nc3 Nf6 4. e5 Nfd7 5. d4 c5 6. dxc5 Nc6 7. Bf4 Nxc5 8. Bd3 Be7 9. h4 a6 10. a3 Bd7 11. h5 h6 12. 0-0 Rc8 13. Re1 Nxd3 14. cxd3 Na7 15. Rc1 Qa5 16. Ne2 0-0 17. Ned4 Nb5 18. Nxb5 Bxb5 19. Nd4 Qa4 20. Be3 Qxd1 21. Rexd1 Ba4 22. Re1 Bd7 23. Nb3 f5 24. Bc5 Kf7 25. f4 Rc6 26. Bxe7 Kxe7 27. Na5 Rxc1 28. Rxc1 Rc8 29. Rxc8 Bxc8 30. Kf2 b6 31. Nc6+ Kf7 32. Kf3 a5 33. Nd4 Ba6 34. Ke3 Bb7 35. b4 axb4 36. axb4 Ke7 37. Kf3 Ba6 38. b5 Bc8 39. g4 fxg4+ 40. Kxg4 Kf7 41. Nc6 Bd7 42. Nd4 Bc8 1/2-1/2

[Event "NRW Class1 1213"]
[Site "Germany"]
[Date "2013.01.20"]
[Round "5.6"]
[White "Vogelmann, Peter"]
[Black "Gruermann, Martin"]
[Result "1/2-1/2"]
[WhiteElo "2169"]
[BlackElo "2144"]
[PlyCount "68"]
[EventDate "2012.09.16"]
[EventType "team-tourn"]
[EventRounds "9"]
[EventCountry "GER"]
[SourceTitle "EXT 2017"]
[Source "ChessBase"]
[SourceDate "2016.10.25"]
[SourceVersion "1"]
[SourceVersionDate "2016.10.25"]
[SourceQuality "1"]
[WhiteTeam "Langenfeld"]
[BlackTeam "Letmathe"]
[WhiteTeamCountry "GER"]
[BlackTeamCountry "GER"]

1. e4 Nf6 2. e5 Nd5 3. Nc3 Nxc3 4. bxc3 d6 5. f4 g6 6. d4 Bg7 7. Nf3 0-0 8. Bd3 c5 9. 0-0 dxe5 10. dxe5 Qa5 11. c4 Nc6 12. Bd2 Qa4 13. a3 Be6 14. Qe2 Rfd8 15. Bc3 h6 16. h3 Rac8 17. g4 Nd4 18. Bxd4 cxd4 19. Nd2 Bd7 20. f5 Rc5 21. fxg6 fxg6 22. Qe4 Be8 23. Nf3 Qc6 24. Qf4 Qe6 25. Rae1 Qf7 26. Qe4 Bc6 27. e6 Qxf3 28. Rxf3 Bxe4 29. Rxe4 Rf8 30. Rxf8+ Kxf8 31. Rf4+ Bf6 32. Bxg6 Rxc4 33. h4 Kg7 34. Bd3 Rc5 1/2-1/2

[Event "NRW Class1 1213"]
[Site "Germany"]
[Date "2012.11.18"]
[Round "3.6"]
[White "Vogelmann, Peter"]
[Black "Neuer, Thomas"]
[Result "1/2-1/2"]
[WhiteElo "2169"]
[BlackElo "2041"]
[PlyCount "41"]
[EventDate "2012.09.16"]
[EventType "team-tourn"]
[EventRounds "9"]
[EventCountry "GER"]
[SourceTitle "EXT 2017"]
[Source "ChessBase"]
[SourceDate "2016.10.25"]
[SourceVersion "1"]
[SourceVersionDate "2016.10.25"]
[SourceQuality "1"]
[WhiteTeam "Langenfeld"]
[BlackTeam "Dinslaken"]
[WhiteTeamCountry "GER"]
[BlackTeamCountry "GER"]

1. e4 e6 2. Nf3 d5 3. Nc3 Nf6 4. e5 Nfd7 5. d4 c5 6. dxc5 Nc6 7. Bf4 Bxc5 8. Bd3 f6 9. exf6 Qxf6 10. Bg5 Qf7 11. Bh4 Nde5 12. Nxe5 Nxe5 13. 0-0 0-0 14. Bg3 Nxd3 15. Qxd3 Bd7 16. Rae1 Qf5 17. a3 Qxd3 18. cxd3 Rac8 19. Be5 a5 20. Re2 b5 21. Na2 1/2-1/2

[Event "NRW Class1 1112"]
[Site "Germany"]
[Date "2012.03.25"]
[Round "8.6"]
[White "Wittenberg, Andreas"]
[Black "Vogelmann, Peter"]
[Result "1/2-1/2"]
[WhiteElo "2112"]
[BlackElo "2175"]
[PlyCount "100"]
[EventDate "2011.09.18"]
[EventType "team-tourn"]
[EventRounds "9"]
[EventCountry "GER"]
[SourceTitle "EXT 2015"]
[Source "ChessBase"]
[SourceDate "2014.11.20"]
[SourceVersion "1"]
[SourceVersionDate "2014.11.20"]
[SourceQuality "1"]
[WhiteTeam "Muelheim Nord II"]
[BlackTeam "Langenfeld"]
[WhiteTeamCountry "GER"]
[BlackTeamCountry "GER"]

1. d4 Nf6 2. Nf3 g6 3. g3 Bg7 4. Bg2 0-0 5. 0-0 d6 6. b3 c5 7. Bb2 Qc7 8. c4 a6 9. Nc3 cxd4 10. Nxd4 Nc6 11. Rc1 Nxd4 12. Qxd4 Be6 13. Rfd1 Rfe8 14. Na4 Nh5 15. Qe4 Bxb2 16. Nxb2 Rab8 17. Nd3 Bf5 18. Qd4 Bxd3 19. Rxd3 Nf6 20. c5 Rbd8 21. Qf4 Qb8 22. cxd6 Rxd6 23. Rxd6 Qxd6 24. Bxb7 Qa3 25. Qd2 a5 26. Rc7 Kg7 27. Bc6 Rb8 28. Bf3 Rb5 29. Rc8 Rc5 30. Ra8 Qc1+ 31. Qxc1 Rxc1+ 32. Kg2 Rc5 33. Rb8 g5 34. b4 axb4 35. Rxb4 h5 36. h3 Rc2 37. a4 Ra2 38. e3 Kg6 39. Be4+ Nxe4 40. Rxe4 e5 41. Rb4 f6 42. Kf3 Kh6 43. Rb6 Kg6 44. Ra6 g4+ 45. hxg4 hxg4+ 46. Kg2 Kf5 47. a5 Ra4 48. Ra8 Ke4 49. a6 f5 50. a7 Ra1 1/2-1/2

[Event "NRW Class1 1112"]
[Site "Germany"]
[Date "2011.12.04"]
[Round "4.5"]
[White "Vogelmann, Peter"]
[Black "Bruchmann, Norbert"]
[Result "1/2-1/2"]
[WhiteElo "2175"]
[BlackElo "2042"]
[PlyCount "33"]
[EventDate "2011.09.18"]
[EventType "team-tourn"]
[EventRounds "9"]
[EventCountry "GER"]
[SourceTitle "EXT 2015"]
[Source "ChessBase"]
[SourceDate "2014.11.20"]
[SourceVersion "1"]
[SourceVersionDate "2014.11.20"]
[SourceQuality "1"]
[WhiteTeam "Langenfeld"]
[BlackTeam "Ennepe Ruhr Sued"]
[WhiteTeamCountry "GER"]
[BlackTeamCountry "GER"]

1. e4 e6 2. Nf3 d5 3. Nc3 Nf6 4. e5 Nfd7 5. d4 c5 6. dxc5 Nc6 7. Bf4 Bxc5 8. Bd3 f6 9. exf6 Nxf6 10. 0-0 0-0 11. Ne5 Bd6 12. Re1 Bxe5 13. Bxe5 Nxe5 14. Rxe5 Qd6 15. Qe2 Bd7 16. Re1 Rae8 17. g3 1/2-1/2

[Event "NRW Class1 1112"]
[Site "Germany"]
[Date "2011.09.18"]
[Round "1.5"]
[White "Vogelmann, Peter"]
[Black "Langhanke, Guenther"]
[Result "1-0"]
[WhiteElo "2175"]
[BlackElo "2021"]
[PlyCount "65"]
[EventDate "2011.09.18"]
[EventType "team-tourn"]
[EventRounds "9"]
[EventCountry "GER"]
[SourceTitle "EXT 2015"]
[Source "ChessBase"]
[SourceDate "2014.11.20"]
[SourceVersion "1"]
[SourceVersionDate "2014.11.20"]
[SourceQuality "1"]
[WhiteTeam "Langenfeld"]
[BlackTeam "Rheine Klein Berlin"]
[WhiteTeamCountry "GER"]
[BlackTeamCountry "GER"]

1. e4 c5 2. Nf3 Nc6 3. c3 d5 4. exd5 Qxd5 5. d4 Bg4 6. Be2 e6 7. 0-0 Nf6 8. Be3 cxd4 9. Nxd4 Bxe2 10. Qxe2 Nxd4 11. Bxd4 Be7 12. Nd2 0-0 13. Rfe1 Rfd8 14. a3 Ne8 15. Rad1 Bf6 16. Nf3 Bxd4 17. Rxd4 Qa5 18. Red1 Rxd4 19. Rxd4 Rd8 20. Qd3 Rc8 21. Qe4 Qc7 22. h3 Nf6 23. Qe5 Kf8 24. Rd6 Ke7 25. Nd4 Ne8 26. Qg5+ Kf8 27. Rxe6 Rd8 28. Re1 h6 29. Qe5 Qxe5 30. Rxe5 Nc7 31. g3 f6 32. Rc5 Rd7 33. Rxc7 1-0

[Event "NRW Class2 1011"]
[Site "Germany"]
[Date "2011.04.03"]
[Round "9.4"]
[White "Forchert, Niko"]
[Black "Vogelmann, Peter"]
[Result "1/2-1/2"]
[WhiteElo "2191"]
[BlackElo "2268"]
[PlyCount "38"]
[EventDate "2010.09.26"]
[EventType "team-tourn"]
[EventRounds "9"]
[EventCountry "GER"]
[SourceTitle "EXT 2012"]
[Source "ChessBase"]
[SourceDate "2011.11.24"]
[SourceVersion "1"]
[SourceVersionDate "2011.11.24"]
[SourceQuality "1"]
[WhiteTeam "Bielefeld"]
[BlackTeam "Monheim"]
[WhiteTeamCountry "GER"]
[BlackTeamCountry "GER"]

1. d4 Nf6 2. Nf3 c5 3. c3 e6 4. Bg5 d5 5. e3 Be7 6. Nbd2 Nbd7 7. Bd3 0-0 8. 0-0 b6 9. Qb1 h6 10. Bh4 Bb7 11. b4 cxb4 12. cxb4 Rc8 13. Qb2 Ne4 14. Bxe7 Qxe7 15. Rac1 Qd6 16. a3 Rfd8 17. Rxc8 Rxc8 18. Rc1 Rxc1+ 19. Qxc1 Nxd2 1/2-1/2

[Event "NRW Class2 1011"]
[Site "Germany"]
[Date "2011.02.20"]
[Round "7.6"]
[White "Homs, Guust"]
[Black "Vogelmann, Peter"]
[Result "1/2-1/2"]
[WhiteElo "2187"]
[BlackElo "2268"]
[PlyCount "49"]
[EventDate "2010.09.26"]
[EventType "team-tourn"]
[EventRounds "9"]
[EventCountry "GER"]
[SourceTitle "EXT 2012"]
[Source "ChessBase"]
[SourceDate "2011.11.24"]
[SourceVersion "1"]
[SourceVersionDate "2011.11.24"]
[SourceQuality "1"]
[WhiteTeam "Erkenschwick"]
[BlackTeam "Monheim"]
[WhiteTeamCountry "GER"]
[BlackTeamCountry "GER"]

1. e4 e5 2. Nf3 d6 3. d4 Nf6 4. dxe5 Nxe4 5. Qd5 Nc5 6. Bg5 Be7 7. exd6 Qxd6 8. Nc3 Be6 9. Qxd6 Bxd6 10. Nb5 Nc6 11. Nxd6+ cxd6 12. 0-0-0 0-0 13. Bb5 Ne4 14. Be3 Rac8 15. a3 a6 16. Bd3 d5 17. Rhe1 h6 18. h3 Rfe8 19. Bb6 Nf6 20. Re2 Nd7 21. Bd4 Nxd4 22. Nxd4 Nc5 23. Kd2 Kf8 24. Rde1 Bd7 25. Rxe8+ 1/2-1/2